[Event "6. OPEN International Ch of Vojvodina 20"]
[Site "Novi Sad"]
[Date "2015.07.27"]
[Round "5.25"]
[White "Perisic, Radivoj"]
[Black "Injac, Teodora"]
[Result "1/2-1/2"]
[WhiteElo "2337"]
[BlackElo "2165"]
[PlyCount "75"]
[EventDate "2015.07.25"]

1. e4 e6 2. d4 d5 3. Nc3 Nf6 4. Bg5 dxe4 5. Bxf6 gxf6 6. Nxe4 f5 7. Nc3 a6 8.
g3 Bg7 9. Nf3 b5 10. Bg2 Bb7 11. O-O Qd6 12. a4 b4 13. Ne2 Nd7 14. Nf4 Nf6 15.
Re1 O-O 16. Qe2 Rad8 17. Red1 c5 18. dxc5 Qxc5 19. Nd3 Qb6 20. a5 Qb5 21. Nfe5
Ne4 22. f4 Rc8 23. Bf3 Rc7 24. Rac1 Qxa5 25. Kg2 Qb5 26. Re1 Rfc8 27. Nf2 Qxe2
28. Rxe2 Nxf2 29. Bxb7 Rxb7 30. Kxf2 Bxe5 31. Rxe5 Rbc7 32. Re2 Kg7 33. Ke3 Kf6
34. Kd3 Rd8+ 35. Ke3 Rdc8 36. Kd3 Rd8+ 37. Ke3 Rdc8 38. Kd3 1/2-1/2

[Event "6. OPEN International Ch of Vojvodina 20"]
[Site "Novi Sad"]
[Date "2015.07.27"]
[Round "5.26"]
[White "Stojanovic, Andjelija"]
[Black "Mazet, Julien"]
[Result "1-0"]
[WhiteElo "2313"]
[BlackElo "2139"]
[PlyCount "41"]
[EventDate "2015.07.25"]

1. e4 d6 2. d4 Nf6 3. Nc3 e5 4. Nf3 Nbd7 5. g4 g6 6. g5 Nh5 7. Be3 Bg7 8. dxe5
dxe5 9. Qd2 O-O 10. O-O-O Nf4 11. Nxe5 Bxe5 12. Bxf4 Bxf4 13. Qxf4 c6 14. h4
Qe7 15. Qc7 Qe8 16. h5 Ne5 17. hxg6 hxg6 18. Rd8 Qxd8 19. Qxe5 f6 20. Bc4+ Kg7
21. Rh7+ 1-0

[Event "6. OPEN International Ch of Vojvodina 20"]
[Site "Novi Sad"]
[Date "2015.07.27"]
[Round "5.27"]
[White "Popov, Jovan"]
[Black "Desnica, Vladan"]
[Result "0-1"]
[WhiteElo "2156"]
[BlackElo "2253"]
[PlyCount "92"]
[EventDate "2015.07.25"]

1. d4 Nf6 2. Bg5 d5 3. Nf3 Ne4 4. Bf4 c5 5. e3 Qb6 6. Nc3 Nxc3 7. bxc3 e6 8.
Qb1 Qa5 9. Qb5+ Qxb5 10. Bxb5+ Bd7 11. Rb1 Bxb5 12. Rxb5 b6 13. O-O Nc6 14. Ne5
Na5 15. Re1 Rc8 16. e4 dxe4 17. dxc5 Bxc5 18. Rxe4 O-O 19. Nd3 Be7 20. Bg5 Bxg5
21. Rxg5 Rxc3 22. Ne1 Rd8 23. Kf1 Ra3 24. Ke2 Rxa2 25. Rg3 Kf8 26. Rc3 Ke7 27.
Nd3 Rd6 28. Rc7+ Rd7 29. Rc3 f6 30. g4 h6 31. h4 Nb7 32. g5 Nd6 33. gxf6+ gxf6
34. Rg4 Kf7 35. Nf4 Ra4 36. Rcg3 Nf5 37. Rg1 e5 38. Nd3 Rxg4 39. Rxg4 Rd4 40.
f4 h5 41. Rg1 e4 42. Nf2 Rc4 43. Ra1 a5 44. Rb1 e3 45. Nd3 Rxc2+ 46. Kd1 Rd2+
0-1

[Event "6. OPEN International Ch of Vojvodina 20"]
[Site "Novi Sad"]
[Date "2015.07.27"]
[Round "5.28"]
[White "Kumic, Filip"]
[Black "Markov, Ziva"]
[Result "1-0"]
[WhiteElo "2253"]
[BlackElo "2144"]
[PlyCount "81"]
[EventDate "2015.07.25"]

1. e4 e5 2. d4 exd4 3. Qxd4 Nc6 4. Qe3 Nf6 5. Nc3 Bb4 6. Bd2 O-O 7. O-O-O Re8
8. Qg3 Nxe4 9. Nxe4 Rxe4 10. c3 Be7 11. Bd3 Re6 12. f4 Bh4 13. Qf3 d5 14. g4
Be7 15. h4 Rd6 16. Nh3 f5 17. Nf2 Qf8 18. g5 Be6 19. Rhe1 Qf7 20. h5 Rad8 21.
g6 hxg6 22. hxg6 Qxg6 23. Rg1 Qf7 24. Rh1 Bf6 25. Qh3 g6 26. Rdg1 Ne7 27. Be3
b6 28. Bc2 c5 29. Nd3 Qg7 30. Ne5 d4 31. Bd2 Bd5 32. Nxg6 Nxg6 33. Qxf5 Bf7 34.
Bb3 Rd5 35. Bxd5 Rxd5 36. Qh3 dxc3 37. bxc3 Rxd2 38. Kxd2 Bxa2 39. Qc8+ Kf7 40.
Qd7+ Be7 41. f5 1-0

[Event "6. OPEN International Ch of Vojvodina 20"]
[Site "Novi Sad"]
[Date "2015.07.27"]
[Round "5.29"]
[White "Arsic, Djordje"]
[Black "Lundin, Jan"]
[Result "1-0"]
[WhiteElo "2153"]
[BlackElo "2245"]
[PlyCount "69"]
[EventDate "2015.07.25"]

1. e4 c6 2. d4 d5 3. e5 Bf5 4. Nf3 e6 5. Be2 Ne7 6. O-O Nd7 7. Be3 Bg6 8. Nh4
c5 9. c3 Nc6 10. Nxg6 hxg6 11. a3 Rc8 12. b4 cxd4 13. cxd4 a5 14. b5 Ne7 15.
Qa4 b6 16. Nd2 Nf5 17. Rac1 Be7 18. Nf3 f6 19. Rc6 Nb8 20. Rxc8 Qxc8 21. Rc1
Qd7 22. exf6 gxf6 23. Bf4 Bd6 24. Bxd6 Nxd6 25. Bd3 g5 26. h3 Ke7 27. Re1 Rc8
28. Qb3 Kf7 29. Qd1 Rh8 30. Qe2 Ne8 31. Ne5+ fxe5 32. Qxe5 Rh4 33. Qxg5 Re4 34.
Bxe4 dxe4 35. Qf4+ 1-0

[Event "6. OPEN International Ch of Vojvodina 20"]
[Site "Novi Sad"]
[Date "2015.07.27"]
[Round "5.30"]
[White "Kovacevic, Sinisa"]
[Black "Matovic, Mihajlo Z"]
[Result "1-0"]
[WhiteElo "2236"]
[BlackElo "2100"]
[PlyCount "71"]
[EventDate "2015.07.25"]

1. d4 Nf6 2. Nf3 g6 3. g3 Bg7 4. Bg2 O-O 5. O-O d6 6. c4 Nbd7 7. Nc3 e5 8. h3
c6 9. e4 Qb6 10. Re1 Re8 11. d5 Nc5 12. Rb1 cxd5 13. cxd5 a5 14. Be3 Bd7 15.
Nd2 Qc7 16. Qe2 a4 17. Rec1 Qa5 18. Bf1 Reb8 19. Nc4 Qc7 20. Na3 b6 21. Nab5
Bxb5 22. Qxb5 Qe7 23. Qb4 Nfd7 24. Bb5 f5 25. exf5 gxf5 26. Nxa4 f4 27. gxf4
exf4 28. Bxf4 Rf8 29. Bxd7 Qxd7 30. Nxb6 Qxh3 31. Bg3 Nd3 32. Qe4 Ne5 33. Rc3
Qh5 34. Nxa8 Ng4 35. Qe6+ Kh8 36. Rc8 1-0

[Event "6. OPEN International Ch of Vojvodina 20"]
[Site "Novi Sad"]
[Date "2015.07.27"]
[Round "5.31"]
[White "Lukajic, Bojan"]
[Black "Tsiros, Fragkiskos Vlasios"]
[Result "0-1"]
[WhiteElo "2142"]
[BlackElo "2228"]
[PlyCount "60"]
[EventDate "2015.07.25"]

1. e4 e5 2. Nf3 Nc6 3. Bc4 Nf6 4. d4 exd4 5. O-O Nxe4 6. Re1 d5 7. Bxd5 Qxd5 8.
Nc3 Qh5 9. Nxe4 Be6 10. Bg5 Bd6 11. h4 h6 12. Bf6 O-O 13. Nxd6 cxd6 14. Bxd4
Bg4 15. Bc3 Rfe8 16. Qxd6 Bxf3 17. gxf3 Qxh4 18. Kg2 Rxe1 19. Rxe1 Qg5+ 20. Qg3
Rd8 21. Qxg5 hxg5 22. f4 gxf4 23. Kf3 f6 24. Kxf4 Kf7 25. f3 b5 26. Re2 b4 27.
Be1 Rd7 28. c3 Ne5 29. Ke4 Nd3 30. Bd2 Nc5+ {...45.} 0-1

[Event "6. OPEN International Ch of Vojvodina 20"]
[Site "Novi Sad"]
[Date "2015.07.27"]
[Round "5.32"]
[White "Bernard, Jacques"]
[Black "Jevtic, Miroljub"]
[Result "1/2-1/2"]
[WhiteElo "2227"]
[BlackElo "2057"]
[PlyCount "60"]
[EventDate "2015.07.25"]

1. e4 e5 2. Nf3 Nc6 3. Bb5 Nf6 4. O-O Bc5 5. c3 O-O 6. d4 Bb6 7. Bg5 h6 8. Bh4
g5 9. Bg3 exd4 10. e5 Ne4 11. Qd3 Nxg3 12. hxg3 d6 13. exd6 dxc3 14. Nxc3 Qxd6
15. Qe4 Be6 16. Rad1 Qxg3 17. Bd3 Rfd8 18. Qh7+ Kf8 19. Qxh6+ Ke7 20. Qxg5+
Qxg5 21. Nxg5 Ne5 22. Nxe6 Rxd3 23. Nf4 Rxd1 24. Rxd1 c6 25. Re1 f6 26. Ng6+
Ke6 27. Kf1 Kf5 28. Ne7+ Ke6 29. Ng6 Kf5 30. Ne7+ Ke6 1/2-1/2

[Event "6. OPEN International Ch of Vojvodina 20"]
[Site "Novi Sad"]
[Date "2015.07.27"]
[Round "5.33"]
[White "Bokan, Danko"]
[Black "Brinovec, David"]
[Result "1-0"]
[WhiteElo "2223"]
[BlackElo "1991"]
[PlyCount "121"]
[EventDate "2015.07.25"]

1. e4 e5 2. d4 exd4 3. Qxd4 Nc6 4. Qe3 Nf6 5. Nc3 Bb4 6. Bd2 O-O 7. O-O-O Re8
8. Qg3 Rxe4 9. a3 Bc5 10. Bg5 Re8 11. Nd5 Ne4 12. Bxd8 Nxg3 13. fxg3 Rxd8 14.
Nxc7 Rb8 15. Nf3 d6 16. Bc4 Bg4 17. Rhf1 Rd7 18. Nd5 b5 19. Ba2 b4 20. axb4
Nxb4 21. Nxb4 Rxb4 22. Rde1 h6 23. Bd5 Bxf3 24. Re8+ Kh7 25. Rxf3 f6 26. c3 Rb6
27. Be4+ g6 28. Rxf6 d5 29. Bxg6+ Kg7 30. Rxb6 axb6 31. Re6 d4 32. Kc2 dxc3 33.
bxc3 Ra7 34. Be4 Re7 35. Rg6+ Kf7 36. Rg4 Re5 37. Kd3 Rg5 38. Rf4+ Ke7 39. Rh4
b5 40. Rxh6 b4 41. c4 Rg8 42. Rg6 Rb8 43. g4 b3 44. Rg7+ Kf6 45. Rb7 Rd8+ 46.
Bd5 Rh8 47. h3 Kg5 48. Rxb3 Rf8 49. Bf3 Rd8+ 50. Bd5 Rf8 51. Rb5 Rc8 52. Rb7
Re8 53. Rg7+ Kh6 54. Rc7 Re3+ 55. Kd2 Bd4 56. h4 Rg3 57. Be4 Bc3+ 58. Kc2 Bg7
59. g5+ Kh5 60. Rxg7 Re3 61. Rh7+ 1-0

[Event "6. OPEN International Ch of Vojvodina 20"]
[Site "Novi Sad"]
[Date "2015.07.27"]
[Round "5.34"]
[White "Elez, Nikola"]
[Black "Kucuksari, Kaan"]
[Result "1/2-1/2"]
[WhiteElo "2222"]
[BlackElo "1981"]
[PlyCount "136"]
[EventDate "2015.07.25"]

1. e4 Nf6 2. e5 Nd5 3. Nc3 Nxc3 4. dxc3 Nc6 5. Bf4 d6 6. Nf3 dxe5 7. Nxe5 Nxe5
8. Qxd8+ Kxd8 9. Bxe5 f6 10. O-O-O+ Bd7 11. Bg3 e5 12. Bb5 Bd6 13. c4 Bxb5 14.
cxb5 Ke7 15. Rhe1 Kf7 16. c4 Rad8 17. Rd5 Be7 18. Red1 Rxd5 19. Rxd5 Rd8 20.
Rxd8 Bxd8 21. Kc2 Ke6 22. Kd3 f5 23. f3 g5 24. Bf2 b6 25. a4 h5 26. a5 g4 27.
a6 Be7 28. h3 gxf3 29. gxf3 Kf7 30. Kc3 Ke6 31. b4 Bd8 32. Kd3 Kd6 33. Ke2 Ke6
34. Kd2 Be7 35. Kc3 Bd8 36. Be3 Kd6 37. Kb3 Ke6 38. c5 Kd5 39. Kc3 f4 40. Bf2
e4 41. fxe4+ Kxe4 42. Kd2 Kf3 43. Ke1 Kg2 44. h4 f3 45. c6 Be7 46. Bxb6 axb6
47. a7 f2+ 48. Kd2 f1=Q 49. a8=Q Bxb4+ 50. Ke3 Qf3+ 51. Kd4 Bc5+ 52. Ke5 Bd6+
53. Kd4 Qf4+ 54. Kd3 Qf5+ 55. Kd4 Qe5+ 56. Kd3 Qxb5+ 57. Ke3 Qb3+ 58. Ke4 Qc4+
59. Kf5 Qxh4 60. Qa1 Qg4+ 61. Kf6 Qf4+ 62. Kg6 Qe4+ 63. Kf7 Qf5+ 64. Kg8 Qe6+
65. Kh7 Be5 66. Qh1+ Kf2 67. Qf3+ Ke1 68. Qe2+ Kxe2 1/2-1/2

[Event "6. OPEN International Ch of Vojvodina 20"]
[Site "Novi Sad"]
[Date "2015.07.27"]
[Round "5.35"]
[White "Perovic, Zivojin"]
[Black "Dimitrijevic, Nenad"]
[Result "1/2-1/2"]
[WhiteElo "2042"]
[BlackElo "2216"]
[PlyCount "95"]
[EventDate "2015.07.25"]

1. e4 c5 2. Nf3 Nc6 3. Bb5 g6 4. Bxc6 dxc6 5. h3 Bg7 6. d3 e5 7. Nc3 Qe7 8. O-O
Nf6 9. Be3 O-O 10. Qd2 Rd8 11. b3 Ne8 12. Bh6 Nc7 13. Bxg7 Kxg7 14. Rad1 f6 15.
Qe3 Ne6 16. Ne2 b6 17. Nh2 g5 18. Ng3 Nf4 19. Qf3 Kh8 20. Ng4 Rg8 21. Nh6 Rg6
22. Nhf5 Qf8 23. Kh2 Be6 24. Rfe1 Rd8 25. Ne2 Rg8 26. Nxf4 gxf4 27. g4 Bxf5 28.
gxf5 Qf7 29. Rg1 b5 30. Qe2 Rd4 31. Rxg8+ Kxg8 32. c3 Rd7 33. Qb2 Qh5 34. Rg1+
Kh8 35. d4 cxd4 36. cxd4 Rxd4 37. Qc2 Qe8 38. Qc5 a5 39. f3 Rd2+ 40. Kh1 Rd3
41. Kh2 Rd7 42. Rg2 Rd3 43. Rg1 Rd4 44. Rg2 a4 45. bxa4 bxa4 46. a3 Rd3 47. Qb4
Rd4 48. Qc5 1/2-1/2

[Event "6. OPEN International Ch of Vojvodina 20"]
[Site "Novi Sad"]
[Date "2015.07.27"]
[Round "5.36"]
[White "Zarkovic, Mila"]
[Black "Budisavljevic, Luka"]
[Result "1/2-1/2"]
[WhiteElo "2209"]
[BlackElo "1937"]
[PlyCount "126"]
[EventDate "2015.07.25"]

1. e4 c5 2. Nf3 e6 3. d4 cxd4 4. Nxd4 Nc6 5. Nc3 Qc7 6. Be3 a6 7. f4 b5 8. Qf3
Bb7 9. Bd3 Nf6 10. g4 h5 11. g5 Ng4 12. Bg1 Nxd4 13. Bxd4 e5 14. fxe5 Bc5 15.
Bxc5 Qxc5 16. O-O-O Nxe5 17. Qf4 Rc8 18. a3 Ng4 19. Rhe1 Qe5 20. Qf5 g6 21.
Qxe5+ Nxe5 22. Nd5 d6 23. Nf6+ Ke7 24. Be2 Rc5 25. Rd4 Rhc8 26. c3 Nc6 27. Nd5+
Ke8 28. Rd3 Ne5 29. Nf6+ Ke7 30. Rd2 Nd7 31. Nxd7 Kxd7 32. h4 Ke6 33. Bd1 Re5
34. Bb3+ Ke7 35. Rf1 Rf8 36. Rfd1 Rd8 37. Rf2 Rf8 38. Rf6 Rxe4 39. Rfxd6 Bc8
40. Rc6 Be6 41. Bxe6 fxe6 42. Rxa6 Rxh4 43. Ra7+ Ke8 44. Rad7 Rf1 45. Rd8+ Ke7
46. Rxf1 Kxd8 47. Rf6 Kd7 48. Rxg6 Rg4 49. Kd2 Rg2+ 50. Kd3 Rxb2 51. Rh6 Rb3
52. Rxh5 Rxa3 53. g6 Ke7 54. Rxb5 Kf6 55. Rb6 Ra7 56. c4 Rg7 57. c5 Rxg6 58.
Kc4 Rg1 59. c6 Ke7 60. Kb5 Kd8 61. Kc5 Rc1+ 62. Kd6 Rd1+ 63. Kxe6 Kc7 1/2-1/2

[Event "6. OPEN International Ch of Vojvodina 20"]
[Site "Novi Sad"]
[Date "2015.07.27"]
[Round "5.37"]
[White "Adamov, Ivan"]
[Black "Djacanin, Goran"]
[Result "1-0"]
[WhiteElo "2033"]
[BlackElo "2207"]
[PlyCount "111"]
[EventDate "2015.07.25"]

1. e4 d5 2. exd5 Nf6 3. d4 Bg4 4. Nf3 Qxd5 5. Be2 Nc6 6. O-O O-O-O 7. Be3 Qh5
8. h3 e5 9. c3 e4 10. hxg4 Nxg4 11. Nh4 f5 12. Bxg4 fxg4 13. g3 g5 14. Nf5 Ne5
15. dxe5 Rxd1 16. Rxd1 Qg6 17. Nd4 h5 18. Kg2 Bg7 19. e6 h4 20. Nd2 Bxd4 21.
Bxd4 Re8 22. Rh1 h3+ 23. Kh2 Rxe6 24. Rhe1 Qf5 25. Be3 b6 26. Rad1 Rd6 27. Re2
Qb5 28. Rde1 Qf5 29. Bd4 Re6 30. Be3 c5 31. Rc1 Rd6 32. Rce1 Kd7 33. Nc4 Re6
34. Nd2 Kc6 35. Rc1 Rd6 36. Rce1 Rd3 37. Rc1 a5 38. a4 Kb7 39. Rb1 Kc6 40. Rc1
b5 41. b3 bxa4 42. bxa4 Qe5 43. Bd4 Qf5 44. Be3 Qf6 45. c4 Qb2 46. Rce1 Qe5 47.
Rb1 Ra3 48. Rb5 Qa1 49. Rxc5+ Kd7 50. Nxe4 Qf1 51. Rd2+ Ke8 52. Re5+ Kf8 53.
Rd8+ Kg7 54. Rd7+ Kg6 55. Rxg5+ Kh6 56. Rd6+ 1-0

[Event "6. OPEN International Ch of Vojvodina 20"]
[Site "Novi Sad"]
[Date "2015.07.27"]
[Round "5.38"]
[White "Dedebas, Emre Emin"]
[Black "Jocev, Milan"]
[Result "1/2-1/2"]
[WhiteElo "2092"]
[BlackElo "2200"]
[PlyCount "28"]
[EventDate "2015.07.25"]

1. d4 Nf6 2. Nf3 g6 3. c4 Bg7 4. Nc3 O-O 5. e4 d6 6. h3 c5 7. d5 b5 8. cxb5 a6
9. a4 Qa5 10. Bd2 Nbd7 11. Bd3 axb5 12. Bxb5 Ba6 13. O-O Rfb8 14. Re1 Bxb5
1/2-1/2

[Event "6. OPEN International Ch of Vojvodina 20"]
[Site "Novi Sad"]
[Date "2015.07.27"]
[Round "5.39"]
[White "Rogac, Srdjan"]
[Black "Kukurin, Luka"]
[Result "1-0"]
[WhiteElo "2385"]
[BlackElo "2030"]
[PlyCount "153"]
[EventDate "2015.07.25"]

1. e4 c5 2. c3 Nf6 3. e5 Nd5 4. g3 d6 5. exd6 Qxd6 6. Bg2 Nc6 7. Ne2 Bf5 8. d4
cxd4 9. Nxd4 Nxd4 10. Qxd4 Qe6+ 11. Be3 Nxe3 12. fxe3 Qa6 13. Na3 Rd8 14. Bf1
Bd3 15. Bxd3 Qxd3 16. Qxd3 Rxd3 17. Ke2 Rd7 18. Rad1 h5 19. Nc4 Rh6 20. Rhf1
Rxd1 21. Rxd1 Rc6 22. Rd4 g6 23. Na5 Rc7 24. Rb4 b6 25. Nb3 e5 26. Ra4 Kd7 27.
Nd2 Be7 28. Rc4 Rb7 29. Ra4 f5 30. Nf3 Bf6 31. e4 Ke6 32. Rc4 Rd7 33. Ke3 Kd6
34. Rc8 Rd8 35. Rxd8+ Bxd8 36. Ne1 b5 37. Nd3 a5 38. b3 Bb6+ 39. Kf3 Bd8 40.
Nb2 Kc6 41. a4 Bc7 42. h3 Bd6 43. axb5+ Kxb5 44. Nc4 Bc7 45. Ne3 Bb6 46. Nd5
Bc5 47. Nc7+ Kc6 48. Ne6 Be7 49. exf5 gxf5 50. Ng7 e4+ 51. Kf4 Bd6+ 52. Kxf5 e3
53. Ne6 Bxg3 54. Ke4 Bf2 55. Nf4 Kd6 56. Kd3 h4 57. Ke2 Kc6 58. Ng2 Bg3 59.
Nxe3 Be5 60. Kd3 Kb5 61. Nc4 Bf6 62. Nd6+ Kc6 63. Ne4 Be5 64. Kc4 Bf4 65. Nc5
Bd2 66. Ne6 Be1 67. Nd4+ Kb6 68. Nf3 Bf2 69. Kd5 Bg3 70. c4 Bf2 71. Nd4 Kc7 72.
c5 Be1 73. Nf3 Bg3 74. Kc4 Kc6 75. Nd4+ Kd7 76. c6+ Kc8 77. Ne6 1-0

[Event "6. OPEN International Ch of Vojvodina 20"]
[Site "Novi Sad"]
[Date "2015.07.27"]
[Round "5.40"]
[White "Bejatovic, Bojana"]
[Black "Pezelj, Sinisa"]
[Result "0-1"]
[WhiteElo "2002"]
[BlackElo "2253"]
[PlyCount "84"]
[EventDate "2015.07.25"]

1. d4 e6 2. Nf3 Nf6 3. e3 Be7 4. Bd3 d5 5. O-O Nbd7 6. Nbd2 c5 7. b3 b6 8. Bb2
Bb7 9. Ne5 Nxe5 10. dxe5 Nd7 11. Qg4 g6 12. c4 Qc7 13. cxd5 Bxd5 14. Nc4 Rf8
15. Rfd1 O-O-O 16. Nd6+ Bxd6 17. exd6 Qxd6 18. Ba6+ Kb8 19. Qe2 Qc7 20. e4 Bb7
21. Bb5 Ne5 22. a4 a5 23. f3 Kc8 24. Qf2 f5 25. Qg3 Nc6 26. Bxc6 Qxc6 27. exf5
gxf5 28. Qf4 Rd5 29. Re1 Qd7 30. Bc3 Rd3 31. Rac1 Rg8 32. Kf1 Qd5 33. Re3 Rxe3
34. Qxe3 Qxb3 35. Qf4 Rd8 36. Bxa5 Rd1+ 37. Be1 Ba6+ 38. Kg1 Qd3 39. h3 Qf1+
40. Kh2 Qxe1 41. Rxd1 Qxd1 42. Qe5 Qd7 0-1